Význam a skúsenosti so sovietskym kombajnom "Donbas"

Bibliographic Details
Main Author: Štencl, Ján, 1940- (Author)
Format: Article
Language:Slovak

MARC

LEADER 00000nab a2200000uu 4500
001 vtls011465432
003 SK-MaSNL
005 20260303154123.0
008 230222|1953 xo |||||||||||||||||slo|
015 |a SNBRB 
035 |a (urnnbn)urn:nbn:sk:snk:ar-a0awy0 
035 |a (uuid)e4c3af81-1670-478d-b2a6-a9f1a13f67dd 
035 |a urn:nbn:sk:snk-abcy73 
040 |a SNKBUCL  |b slo  |c SNKBUCL  |e AACR2 
041 0 |a slo 
044 |a xo  |c SK 
100 1 |a Štencl, Ján,  |d 1940-  |4 aut  |9 201971 
245 1 0 |a Význam a skúsenosti so sovietskym kombajnom "Donbas"  |c J. Štencl 
773 0 |t Technická práca : časopis Ústřední rady Čs. vědecko-technické společnosti  |g Roč. 5, č. 3 (1953), s. 146-149 
954 |a odborná, vedecká literatúra pôvodná (slovenská)  |2 lita 
958 |a OND 
958 |a EUIPO 
958 |a article16 
999 |c 2031981  |d 2033911